00818 a2200397 4500000002100000001000700021005001700028008004100045010000500086020000500091082001700096100002200113110000500135245008900140250000500229260003200234300001100266490000700277500000500284600000500289610000500294611000500299630000500304650000500309651000500314654000500319700002700324700002600351710000900377711000500386720000500391730000500396740000500401752000500406856000900411BKB 07156520200902151022.0  a a a574.88bG49M1 aGlick, Bernard R. a1 aMolecular biotechnologycby Bernard R. Glick, Jack J. Pasternak and Cheryl L. Patten a aWashingtonbASM Pressc2010 a1000p. av a a a a a a a a aPasternak, Jack J.bc aPatten, Cheryl L.bc abc a a a a a adf